Elden Ring Prologue - Statistics

General Stats
  • This quiz has been taken 1,451 times
  • The average score is 92 of 158
Answer Stats
Answer % Correct
a
93%
A
93%
The
93%
the
93%
Elden
88%
Ring
87%
Ring.
87%
of
84%
Tarnished.
83%
Tarnished
83%
be
80%
Marika
77%
Eater.
76%
all,
74%
all.
74%
Dung
73%
and
72%
And
72%
lord
72%
Lord.
72%
Gideon
70%
no
67%
Ofnir,
67%
was
66%
shattered.
65%
Sir
65%
to
65%
All-Knowing.
62%
loathsome
62%
story.
62%
fallen
61%
Fia,
61%
Lands
61%
Queen
61%
tell
61%
Between.
60%
Between,
60%
Golden
60%
leaves
60%
Deathbed
59%
Companion.
58%
become
57%
great
57%
In
55%
in
55%
war
55%
who
54%
Loux,
53%
ye
53%
Ye
53%
Godwyn
51%
Now,
51%
now,
51%
Black
49%
is
49%
Shattering.
49%
Goldmask.
48%
grace
48%
Hoarah
48%
Night
48%
Eternal
47%
badlands.
46%
fog,
45%
Knives,
44%
ever
43%
Arise
42%
dead,
42%
demigods
42%
first
41%
renown.
40%
brilliant
39%
found,
39%
nowhere
39%
yet
39%
live.
38%
one
38%
across
37%
chieftain
36%
by
34%
our
34%
perish.
34%
home,
33%
which
33%
arose.
31%
shards
31%
Will.
31%
from
30%
lost
28%
Greater
27%
offspring,
27%
other.
26%
call
25%
Cross
25%
Marika's
25%
long
24%
claimed
23%
us
23%
bless.
22%
Whom
22%
would
21%
again
20%
before
20%
stand
20%
speaks
19%
Soon,
18%
abandonment
17%
their
17%
leading
16%
mad
16%
triggered
15%
newfound
14%
strength
14%
taint
14%
No matching quizzes found
Score Distribution
Percent of People with Each Score
Percentile by Number Answered
Your Score History
You have not taken this quiz